Statistics for New Hampshire Counties Quiz

Click here to take the quiz!

General Stats

  • This quiz has been taken 5,354 times
  • The average score is 6 of 10

Answers on the Map

Answers color-coded by a green-red scale on the quiz's map according to % correct below.
 

Answer Stats

County% Correct
Coos
88%
Rockingham
67%
Merrimack
66%
Hillsborough
65%
Belknap
64%
Grafton
61%
Cheshire
59%
Carroll
58%
Sullivan
54%
Strafford
52%

Score Distribution

Percentile by Number Answered

Percent of People with Each Score

Your Score History

You have not taken this quiz